Splynutie, zlúčenie a rozdelenie spoločnosti v podvojnom účtovníctve

Problematika splynutia, zlúčenia a rozdelenia spoločnosti v podvojnom účtovníctve. Účtovanie splynutia. Účtovanie rozdelenia. Účtovanie zlúčenia. Praktické príklady.

Guardado en:
Detalles Bibliográficos
Autor principal: Dobšovič, Dušan
Formato: Capítulo de libro
Lenguaje:eslovaco
Materias:
Etiquetas: Agregar Etiqueta
Sin Etiquetas, Sea el primero en etiquetar este registro!

MARC

LEADER 00000naa a2200000 4500
001 r049196
005 20231002123858.5
041 0 |a slo 
044 |a SK 
245 1 0 |a Splynutie, zlúčenie a rozdelenie spoločnosti v podvojnom účtovníctve  |c Dušan Dobšovič 
520 |a Problematika splynutia, zlúčenia a rozdelenia spoločnosti v podvojnom účtovníctve. Účtovanie splynutia. Účtovanie rozdelenia. Účtovanie zlúčenia. Praktické príklady. 
610 2 0 |a účtovanie 
610 2 0 |a účtovníctvo podvojné 
610 2 0 |a spoločnosti obchodné 
610 2 0 |a imanie 
610 2 0 |a hodnota podniku 
610 2 0 |a súvaha 
100 1 |a Dobšovič, Dušan